Seis países mais próximos - Gâmbia - Statistics

Estatísticas Gerais
  • Esse quiz foi jogado 28 vezes
  • A pontuação média é 2 de 6
Estatísticas das Respostas
km país % Correto
0 Senegal
100%
189 Mali
76%
214 Mauritania
62%
74 Guinea
5%
61 Guinea-Bissau
5%
413 Sierra Leone
0%
Nenhum quiz correspondente encontrado
Distribuição das Pontuações
Porcentagem de Pessoas com Cada Pontuação
Percentil de Números Respondidos
Sua Pontuação Histórica
Você não jogou esse quiz